[Event "Team Championship (women blitz)"]
[Site "Sochi"]
[Date "2017.10.05"]
[Round "8.9"]
[White "Ambartsumova, Karina"]
[Black "Vasilevich, Tatjana"]
[Result "0-1"]
[LiveChessVersion "1.4.8"]
[BlackElo "2229"]
[WhiteElo "2347"]

1. e4 {[%clk 0:03:03]} c5 {[%clk 0:03:04]} 2. Nf3 {[%clk 0:03:04]} a6
{[%clk 0:03:05]} 3. c4 {[%clk 0:03:05]} Nc6 {[%clk 0:03:06]} 4. Nc3
{[%clk 0:03:00]} Nd4 {[%clk 0:03:07]} 5. Nxd4 {[%clk 0:02:50]} cxd4
{[%clk 0:03:08]} 6. Ne2 {[%clk 0:02:50]} e5 {[%clk 0:03:10]} 7. d3
{[%clk 0:02:51]} g6 {[%clk 0:03:07]} 8. g3 {[%clk 0:02:50]} h5 {[%clk 0:03:08]}
9. h4 {[%clk 0:02:47]} Bh6 {[%clk 0:03:03]} 10. Bg2 {[%clk 0:02:45]} d6
{[%clk 0:02:57]} 11. O-O {[%clk 0:02:34]} Be6 {[%clk 0:02:50]} 12. b4
{[%clk 0:02:23]} Rc8 {[%clk 0:02:22]} 13. f4 {[%clk 0:01:19]} Qd7
{[%clk 0:01:56]} 14. a4 {[%clk 0:01:10]} Bg4 {[%clk 0:01:29]} 15. Qe1
{[%clk 0:01:06]} Ne7 {[%clk 0:01:16]} 16. Qf2 {[%clk 0:00:49]} O-O
{[%clk 0:01:10]} 17. fxe5 {[%clk 0:00:43]} Bxc1 {[%clk 0:01:09]} 18. Nxc1
{[%clk 0:00:40]} dxe5 {[%clk 0:01:08]} 19. Qf6 {[%clk 0:00:37]} Qe6
{[%clk 0:00:57]} 20. Kh2 {[%clk 0:00:19]} Nc6 {[%clk 0:00:50]} 21. b5
{[%clk 0:00:16]} Nb4 {[%clk 0:00:48]} 22. Rf2 {[%clk 0:00:07]} Qxf6
{[%clk 0:00:44]} 23. Rxf6 {[%clk 0:00:08]} Kg7 {[%clk 0:00:36]} 24. Rf2
{[%clk 0:00:09]} Bd1 {[%clk 0:00:28]} 25. Rb1 {[%clk 0:00:08]} a5
{[%clk 0:00:25]} 26. Ra1 {[%clk 0:00:08]} Nc2 {[%clk 0:00:22]} 27. Ra2
{[%clk 0:00:07]} Ne3 {[%clk 0:00:22]} 28. Bf3 {[%clk 0:00:06]} f5
{[%clk 0:00:11]} 29. Bxd1 {[%clk 0:00:07]} Nxd1 {[%clk 0:00:13]} 30. Rf1
{[%clk 0:00:06]} Ne3 {[%clk 0:00:13]} 31. Rff2 {[%clk 0:00:07]} Ng4+
{[%clk 0:00:13]} 32. Kg2 {[%clk 0:00:07]} Nxf2 {[%clk 0:00:14]} 33. Rxf2
{[%clk 0:00:07]} fxe4 {[%clk 0:00:15]} 34. Re2 {[%clk 0:00:07]} exd3
{[%clk 0:00:13]} 35. Nxd3 {[%clk 0:00:08]} Rxc4 {[%clk 0:00:11]} 36. Nxe5
{[%clk 0:00:09]} Rxa4 37. Nd7 {[%clk 0:00:10]} Rf7 {[%clk 0:00:12]} 38. Nc5
{[%clk 0:00:11]} Rb4 {[%clk 0:00:12]} 39. Re5 {[%clk 0:00:11]} Rb2+
{[%clk 0:00:11]} 40. Kh3 {[%clk 0:00:09]} Rff2 {[%clk 0:00:12]} 41. g4
{[%clk 0:00:09]} Rf3# {[%clk 0:00:11]} 0-1

[Event "Team Championship (women blitz)"]
[Site "Sochi"]
[Date "2017.10.05"]
[Round "8.10"]
[White "Charochkina, Daria"]
[Black "Nebolsina, Vera"]
[Result "1-0"]
[LiveChessVersion "1.4.8"]
[BlackElo "2176"]
[WhiteElo "2458"]

1. d4 {[%clk 0:03:03]} Nf6 {[%clk 0:03:03]} 2. Bf4 {[%clk 0:03:04]} g6
{[%clk 0:03:02]} 3. Nc3 {[%clk 0:03:04]} Bg7 {[%clk 0:02:52]} 4. e4
{[%clk 0:03:05]} d6 {[%clk 0:02:48]} 5. Qd2 {[%clk 0:03:06]} c6 {[%clk 0:02:38]}
6. O-O-O {[%clk 0:03:06]} h6 {[%clk 0:02:21]} 7. h4 {[%clk 0:03:06]} Nbd7
{[%clk 0:02:19]} 8. f3 {[%clk 0:03:06]} Nf8 {[%clk 0:02:19]} 9. g4
{[%clk 0:03:06]} Qa5 {[%clk 0:02:15]} 10. Kb1 {[%clk 0:03:07]} Be6
{[%clk 0:02:11]} 11. a3 {[%clk 0:02:36]} O-O-O {[%clk 0:02:07]} 12. Nh3
{[%clk 0:02:32]} Bd7 {[%clk 0:02:04]} 13. Bc4 {[%clk 0:02:27]} Be8
{[%clk 0:01:48]} 14. g5 {[%clk 0:02:24]} Nh5 {[%clk 0:01:43]} 15. gxh6
{[%clk 0:02:25]} Bf6 {[%clk 0:01:38]} 16. Bg5 {[%clk 0:02:18]} d5
{[%clk 0:01:21]} 17. exd5 {[%clk 0:02:18]} cxd5 {[%clk 0:01:22]} 18. Bb3
{[%clk 0:01:56]} Bc6 {[%clk 0:01:16]} 19. Bxf6 {[%clk 0:01:47]} exf6
{[%clk 0:01:11]} 20. Nf4 {[%clk 0:01:48]} Nxf4 {[%clk 0:01:05]} 21. Qxf4
{[%clk 0:01:49]} f5 {[%clk 0:01:04]} 22. h5 {[%clk 0:01:33]} Ne6 {[%clk 0:01:01]}
23. Qe5 {[%clk 0:01:34]} Rxh6 {[%clk 0:00:58]} 24. hxg6 {[%clk 0:01:35]} Rxg6
{[%clk 0:00:54]} 25. Qxf5 {[%clk 0:01:35]} Rg7 {[%clk 0:00:27]} 26. Rdg1
{[%clk 0:01:21]} Rxg1+ {[%clk 0:00:21]} 27. Rxg1 {[%clk 0:01:22]} Kb8
{[%clk 0:00:22]} 28. Qxf7 {[%clk 0:01:20]} Nxd4 {[%clk 0:00:22]} 29. Qf4+
{[%clk 0:01:21]} Ka8 {[%clk 0:00:15]} 30. Qxd4 {[%clk 0:01:22]} Rf8
{[%clk 0:00:16]} 31. Bxd5 {[%clk 0:01:05]} Bxd5 {[%clk 0:00:14]} 32. Nxd5
{[%clk 0:01:04]} Qd8 {[%clk 0:00:13]} 33. f4 {[%clk 0:01:00]} Rf5
{[%clk 0:00:12]} 34. Nc7+ {[%clk 0:00:59]} Qxc7 {[%clk 0:00:12]} 35. Rg8+
{[%clk 0:01:00]} 1-0

[Event "Team Championship (women blitz)"]
[Site "Sochi"]
[Date "2017.10.05"]
[Round "8.11"]
[White "Shafigullina, Zarina"]
[Black "Potapova, Margarita"]
[Result "0-1"]
[LiveChessVersion "1.4.8"]
[BlackElo "2031"]
[WhiteElo "2041"]

1. d4 {[%clk 0:03:03]} e6 {[%clk 0:03:01]} 2. Nf3 {[%clk 0:03:04]} b6
{[%clk 0:03:01]} 3. g3 {[%clk 0:03:03]} Bb7 {[%clk 0:03:02]} 4. Bg2
{[%clk 0:03:03]} Nf6 {[%clk 0:03:01]} 5. O-O {[%clk 0:02:58]} Be7
{[%clk 0:03:02]} 6. c4 {[%clk 0:02:58]} O-O {[%clk 0:03:00]} 7. Nc3
{[%clk 0:02:59]} Ne4 {[%clk 0:02:56]} 8. d5 {[%clk 0:02:50]} Nxc3
{[%clk 0:02:53]} 9. bxc3 {[%clk 0:02:51]} Bf6 {[%clk 0:02:53]} 10. Qd3
{[%clk 0:02:48]} Na6 {[%clk 0:02:51]} 11. Ba3 {[%clk 0:02:48]} d6
{[%clk 0:02:48]} 12. e4 {[%clk 0:02:47]} Nc5 {[%clk 0:02:33]} 13. Bxc5
{[%clk 0:02:47]} bxc5 {[%clk 0:02:33]} 14. Rfb1 {[%clk 0:02:28]} Rb8
{[%clk 0:02:28]} 15. Rb3 {[%clk 0:02:29]} Ba6 {[%clk 0:02:20]} 16. Ra3
{[%clk 0:02:30]} Rb6 {[%clk 0:02:18]} 17. Nd2 {[%clk 0:02:10]} exd5
{[%clk 0:02:17]} 18. exd5 {[%clk 0:02:08]} g6 {[%clk 0:02:13]} 19. Rb1
{[%clk 0:01:58]} Bc8 {[%clk 0:01:59]} 20. Rxa7 {[%clk 0:01:57]} Bf5
{[%clk 0:01:54]} 21. Be4 {[%clk 0:01:27]} Qb8 {[%clk 0:01:52]} 22. Rxb6
{[%clk 0:01:21]} Qxb6 {[%clk 0:01:52]} 23. Ra3 {[%clk 0:01:20]} Bh3
{[%clk 0:01:47]} 24. Rb3 {[%clk 0:01:05]} Qa5 {[%clk 0:01:44]} 25. a3
{[%clk 0:01:05]} Bd7 {[%clk 0:01:42]} 26. Nb1 {[%clk 0:00:17]} Bg7
{[%clk 0:01:38]} 27. Kg2 {[%clk 0:00:16]} h5 {[%clk 0:01:35]} 28. h4
{[%clk 0:00:16]} Re8 {[%clk 0:01:34]} 29. Rb2 {[%clk 0:00:07]} Bg4
{[%clk 0:01:17]} 30. Rb5 {[%clk 0:00:04]} Qa4 {[%clk 0:01:12]} 31. Rb2
{[%clk 0:00:04]} Qd7 {[%clk 0:01:06]} 32. Kh2 {[%clk 0:00:04]} Qa4
{[%clk 0:01:01]} 33. Kg2 {[%clk 0:00:05]} Bh6 {[%clk 0:00:58]} 34. Kh2
{[%clk 0:00:04]} Bc1 {[%clk 0:00:55]} 35. Rb5 {[%clk 0:00:04]} Bh6
{[%clk 0:00:53]} 36. Rb2 {[%clk 0:00:05]} Bg7 {[%clk 0:00:51]} 37. Kg2
{[%clk 0:00:06]} Qa6 {[%clk 0:00:48]} 38. Rb5 {[%clk 0:00:06]} Bd7
{[%clk 0:00:47]} 39. Rb3 {[%clk 0:00:06]} Ba4 {[%clk 0:00:43]} 40. Rb2
{[%clk 0:00:07]} Bh6 {[%clk 0:00:43]} 41. Kh2 {[%clk 0:00:06]} Bc1
{[%clk 0:00:34]} 42. Re2 {[%clk 0:00:04]} Bb3 {[%clk 0:00:31]} 43. Nd2
{[%clk 0:00:04]} Bxd2 {[%clk 0:00:27]} 44. Qxd2 {[%clk 0:00:05]} Qxc4
{[%clk 0:00:26]} 45. Re3 {[%clk 0:00:04]} Rxe4 {[%clk 0:00:25]} 46. Rxe4 Qxe4
{[%clk 0:00:26]} 47. Qb2 {[%clk 0:00:06]} Qxd5 {[%clk 0:00:26]} 48. a4
{[%clk 0:00:06]} Bxa4 {[%clk 0:00:25]} 49. Qb8+ {[%clk 0:00:07]} Kg7
{[%clk 0:00:26]} 50. Qxc7 {[%clk 0:00:08]} Qf3 {[%clk 0:00:24]} 51. Kg1
{[%clk 0:00:09]} Bc6 {[%clk 0:00:24]} 0-1

[Event "Team Championship (women blitz)"]
[Site "Sochi"]
[Date "2017.10.05"]
[Round "8.12"]
[White "Gritsayeva, Oksana"]
[Black "Belova, Olga"]
[Result "1/2-1/2"]
[LiveChessVersion "1.4.8"]
[BlackElo "2089"]
[WhiteElo "2216"]

1. e4 {[%clk 0:03:03]} e5 {[%clk 0:03:01]} 2. Nf3 {[%clk 0:03:04]} Nc6
{[%clk 0:03:02]} 3. Nc3 {[%clk 0:03:06]} Nf6 {[%clk 0:03:01]} 4. Bb5
{[%clk 0:03:06]} Bb4 {[%clk 0:03:02]} 5. O-O {[%clk 0:03:07]} d6 {[%clk 0:02:54]}
6. Nd5 {[%clk 0:03:02]} Bc5 {[%clk 0:02:42]} 7. d3 {[%clk 0:03:01]} h6
{[%clk 0:02:35]} 8. Be3 {[%clk 0:02:55]} Bxe3 {[%clk 0:02:28]} 9. fxe3
{[%clk 0:02:55]} Bg4 {[%clk 0:02:25]} 10. Qe1 {[%clk 0:02:50]} O-O
{[%clk 0:02:09]} 11. Nxf6+ {[%clk 0:02:42]} Qxf6 {[%clk 0:02:09]} 12. Nd4
{[%clk 0:02:37]} Qg5 {[%clk 0:01:20]} 13. Nxc6 {[%clk 0:02:36]} bxc6
{[%clk 0:00:51]} 14. Bxc6 {[%clk 0:02:37]} Rab8 {[%clk 0:00:52]} 15. b3
{[%clk 0:02:11]} Rb6 {[%clk 0:00:54]} 16. Bd5 {[%clk 0:02:12]} c6
{[%clk 0:00:54]} 17. Bc4 {[%clk 0:02:12]} Rbb8 {[%clk 0:00:37]} 18. Qg3
{[%clk 0:02:00]} Qh5 {[%clk 0:00:17]} 19. h3 {[%clk 0:01:54]} Bd7
{[%clk 0:00:18]} 20. Rf2 {[%clk 0:01:49]} Rbe8 {[%clk 0:00:12]} 21. Raf1
{[%clk 0:01:48]} Re7 {[%clk 0:00:13]} 22. b4 {[%clk 0:01:44]} Kh7
{[%clk 0:00:10]} 23. a3 {[%clk 0:01:42]} f6 {[%clk 0:00:11]} 24. Bb3
{[%clk 0:01:36]} Qe8 {[%clk 0:00:09]} 25. Qh4 {[%clk 0:01:20]} Qa8
{[%clk 0:00:09]} 26. Rf3 {[%clk 0:01:15]} d5 {[%clk 0:00:11]} 27. exd5
{[%clk 0:01:13]} cxd5 {[%clk 0:00:12]} 28. e4 {[%clk 0:01:11]} dxe4
{[%clk 0:00:09]} 29. Qxe4+ {[%clk 0:01:07]} Qxe4 {[%clk 0:00:10]} 30. dxe4
{[%clk 0:01:08]} Bc6 {[%clk 0:00:11]} 31. Re3 {[%clk 0:01:03]} Rd7
{[%clk 0:00:11]} 32. Rfe1 {[%clk 0:01:01]} Rfd8 {[%clk 0:00:12]} 33. Kf2
{[%clk 0:00:59]} Rd2+ {[%clk 0:00:13]} 34. R1e2 {[%clk 0:00:58]} R2d4
{[%clk 0:00:14]} 35. c3 {[%clk 0:00:56]} Rd2 {[%clk 0:00:10]} 36. g4
{[%clk 0:00:41]} R8d3 {[%clk 0:00:08]} 37. Rxd3 {[%clk 0:00:35]} Rxd3 38. Re3
Rd2+ {[%clk 0:00:10]} 39. Kf3 {[%clk 0:00:32]} Rh2 {[%clk 0:00:10]} 40. Kg3
{[%clk 0:00:33]} Rb2 {[%clk 0:00:11]} 41. Bd5 {[%clk 0:00:32]} Bd7
{[%clk 0:00:07]} 42. c4 {[%clk 0:00:33]} Rc2 {[%clk 0:00:05]} 43. c5
{[%clk 0:00:34]} Rc1 {[%clk 0:00:06]} 44. Re2 {[%clk 0:00:33]} Kg6
{[%clk 0:00:07]} 45. Kf3 {[%clk 0:00:29]} Rc3+ {[%clk 0:00:07]} 46. Re3
{[%clk 0:00:30]} Rc1 {[%clk 0:00:09]} 47. Rd3 {[%clk 0:00:29]} Bb5
{[%clk 0:00:08]} 48. Re3 {[%clk 0:00:29]} Rf1+ {[%clk 0:00:09]} 49. Kg3
{[%clk 0:00:29]} Rg1+ {[%clk 0:00:09]} 50. Kf2 {[%clk 0:00:29]} Rc1
{[%clk 0:00:10]} 51. h4 {[%clk 0:00:24]} h5 {[%clk 0:00:11]} 52. Rg3
{[%clk 0:00:21]} Rc2+ {[%clk 0:00:11]} 53. Ke1 {[%clk 0:00:19]} Rc1+
{[%clk 0:00:12]} 54. Kd2 {[%clk 0:00:20]} Ra1 {[%clk 0:00:09]} 55. gxh5+
{[%clk 0:00:21]} Kxh5 {[%clk 0:00:10]} 56. c6 {[%clk 0:00:19]} g5
{[%clk 0:00:09]} 57. hxg5 {[%clk 0:00:20]} fxg5 {[%clk 0:00:10]} 58. c7
{[%clk 0:00:20]} Bd7 {[%clk 0:00:12]} 59. Rc3 {[%clk 0:00:19]} g4
{[%clk 0:00:10]} 60. Bf7+ {[%clk 0:00:18]} Kg5 {[%clk 0:00:11]} 61. Be8
{[%clk 0:00:16]} Be6 {[%clk 0:00:10]} 62. c8=Q {[%clk 0:00:12]} Bxc8
{[%clk 0:00:10]} 63. Rxc8 {[%clk 0:00:13]} g3 {[%clk 0:00:11]} 64. Bc6
{[%clk 0:00:10]} Kf4 {[%clk 0:00:12]} 65. Rg8 {[%clk 0:00:09]} g2
{[%clk 0:00:13]} 66. Rxg2 {[%clk 0:00:07]} Ra2+ {[%clk 0:00:14]} 67. Kc3
{[%clk 0:00:08]} Rxg2 {[%clk 0:00:15]} 68. Kc4 {[%clk 0:00:09]} Ra2
{[%clk 0:00:14]} 69. Kb3 {[%clk 0:00:11]} Rd2 {[%clk 0:00:13]} 70. Kc4
{[%clk 0:00:11]} Rd4+ {[%clk 0:00:13]} 71. Kb5 {[%clk 0:00:11]} Rxe4
{[%clk 0:00:14]} 72. Bxe4 {[%clk 0:00:10]} Kxe4 {[%clk 0:00:15]} 73. Ka6
{[%clk 0:00:11]} Kd5 {[%clk 0:00:16]} 74. Kxa7 {[%clk 0:00:11]} Kc4
{[%clk 0:00:15]} 75. Ka6 {[%clk 0:00:10]} e4 {[%clk 0:00:16]} 76. b5
{[%clk 0:00:11]} e3 {[%clk 0:00:17]} 77. b6 {[%clk 0:00:12]} e2 {[%clk 0:00:17]}
78. b7 {[%clk 0:00:13]} e1=Q {[%clk 0:00:14]} 79. b8=Q {[%clk 0:00:14]} Qe6+
{[%clk 0:00:09]} 80. Qb6 {[%clk 0:00:14]} Qc8+ {[%clk 0:00:04]} 81. Qb7
{[%clk 0:00:14]} Qe6+ {[%clk 0:00:06]} 82. Qb6 {[%clk 0:00:15]} Qc8+
{[%clk 0:00:06]} 83. Qb7 {[%clk 0:00:16]} Qxb7+ {[%clk 0:00:05]} 84. Kxb7
{[%clk 0:00:17]} Kb3 {[%clk 0:00:06]} 1/2-1/2

[Event "Team Championship (women blitz)"]
[Site "Sochi"]
[Date "2017.10.05"]
[Round "9.1"]
[White "Ambartsumova, Karina"]
[Black "Ubiennykh, Ekaterina"]
[Result "0-1"]
[LiveChessVersion "1.4.8"]
[BlackElo "2364"]
[WhiteElo "2347"]

1. d4 {[%clk 0:03:03]} Nf6 {[%clk 0:03:03]} 2. Nf3 {[%clk 0:03:04]} g6
{[%clk 0:03:04]} 3. g3 {[%clk 0:03:04]} Bg7 {[%clk 0:03:05]} 4. Bg2
{[%clk 0:03:06]} O-O {[%clk 0:03:06]} 5. O-O {[%clk 0:03:06]} c6 {[%clk 0:03:06]}
6. c4 {[%clk 0:02:47]} d6 {[%clk 0:03:06]} 7. Nc3 {[%clk 0:02:45]} Qa5
{[%clk 0:03:07]} 8. Re1 {[%clk 0:02:25]} Nbd7 {[%clk 0:03:07]} 9. e4
{[%clk 0:02:14]} e5 {[%clk 0:03:08]} 10. h3 {[%clk 0:02:01]} exd4
{[%clk 0:02:38]} 11. Nxd4 {[%clk 0:02:03]} Ne5 {[%clk 0:02:38]} 12. Nb3
{[%clk 0:01:20]} Qc7 {[%clk 0:02:32]} 13. c5 {[%clk 0:01:09]} Rd8
{[%clk 0:02:23]} 14. Qc2 {[%clk 0:01:08]} dxc5 {[%clk 0:02:02]} 15. Nxc5
{[%clk 0:01:08]} b6 {[%clk 0:02:03]} 16. Nb3 {[%clk 0:01:09]} Ba6
{[%clk 0:02:00]} 17. Bg5 {[%clk 0:01:07]} Bd3 {[%clk 0:01:55]} 18. Qc1
{[%clk 0:01:06]} Rac8 {[%clk 0:01:51]} 19. f4 {[%clk 0:01:02]} Nc4
{[%clk 0:01:32]} 20. e5 {[%clk 0:01:04]} Nh5 {[%clk 0:01:31]} 21. Bxd8
{[%clk 0:01:03]} Rxd8 {[%clk 0:01:25]} 22. Kh2 {[%clk 0:01:04]} g5
{[%clk 0:01:21]} 23. Ne4 {[%clk 0:00:58]} gxf4 {[%clk 0:01:16]} 24. g4
{[%clk 0:00:44]} Bxe5 {[%clk 0:01:06]} 25. gxh5 {[%clk 0:00:43]} f3+
{[%clk 0:01:04]} 26. Kh1 {[%clk 0:00:40]} fxg2+ {[%clk 0:01:04]} 27. Kxg2
{[%clk 0:00:41]} Kh8 {[%clk 0:01:03]} 28. Kh1 {[%clk 0:00:34]} Qd7
{[%clk 0:00:57]} 29. Re3 {[%clk 0:00:20]} Bxe4+ {[%clk 0:00:54]} 30. Rxe4
{[%clk 0:00:15]} Qxh3+ {[%clk 0:00:54]} 31. Kg1 {[%clk 0:00:16]} Rg8+
{[%clk 0:00:50]} 32. Kf2 {[%clk 0:00:12]} Rg2+ {[%clk 0:00:49]} 33. Kf1
{[%clk 0:00:12]} Qh1# {[%clk 0:00:50]} 0-1

[Event "Team Championship (women blitz)"]
[Site "Sochi"]
[Date "2017.10.05"]
[Round "9.2"]
[White "Bivol, Alina"]
[Black "Nebolsina, Vera"]
[Result "1-0"]
[LiveChessVersion "1.4.8"]
[BlackElo "2176"]
[WhiteElo "2308"]

1. Nf3 {[%clk 0:03:03]} Nf6 2. g3 g6 {[%clk 0:03:04]} 3. Bg2 {[%clk 0:03:06]} Bg7
{[%clk 0:03:05]} 4. d4 {[%clk 0:03:07]} O-O {[%clk 0:03:02]} 5. O-O
{[%clk 0:03:08]} d6 {[%clk 0:03:02]} 6. Nc3 {[%clk 0:03:06]} Nc6 {[%clk 0:03:01]}
7. e4 {[%clk 0:03:04]} e5 {[%clk 0:03:01]} 8. dxe5 {[%clk 0:02:48]} Nxe5
{[%clk 0:02:41]} 9. Nxe5 {[%clk 0:02:48]} dxe5 {[%clk 0:02:42]} 10. Be3
{[%clk 0:02:43]} c6 {[%clk 0:02:31]} 11. Bc5 {[%clk 0:02:38]} Re8
{[%clk 0:02:28]} 12. Qe2 {[%clk 0:02:30]} Be6 {[%clk 0:02:03]} 13. Rad1
{[%clk 0:02:22]} Nd7 {[%clk 0:01:57]} 14. h3 {[%clk 0:02:14]} Bf8
{[%clk 0:01:45]} 15. Bxf8 {[%clk 0:02:13]} Rxf8 {[%clk 0:01:46]} 16. f4
{[%clk 0:02:02]} Qb6+ {[%clk 0:01:41]} 17. Kh2 {[%clk 0:01:54]} exf4
{[%clk 0:01:34]} 18. gxf4 {[%clk 0:01:52]} f5 {[%clk 0:01:31]} 19. exf5
{[%clk 0:01:46]} Bxf5 {[%clk 0:01:32]} 20. Qc4+ {[%clk 0:01:41]} Kh8
{[%clk 0:01:19]} 21. Ne4 {[%clk 0:01:41]} Bxe4 {[%clk 0:01:09]} 22. Rxd7
{[%clk 0:01:31]} Bd5 {[%clk 0:00:42]} 23. Qc3+ {[%clk 0:01:29]} 1-0

[Event "Team Championship (women blitz)"]
[Site "Sochi"]
[Date "2017.10.05"]
[Round "9.3"]
[White "Markelova, Lubov"]
[Black "Tomilova, Elena"]
[Result "1-0"]
[LiveChessVersion "1.4.8"]
[BlackElo "2279"]
[WhiteElo "2068"]

1. Nf3 {[%clk 0:03:03]} Nf6 {[%clk 0:03:03]} 2. c4 {[%clk 0:03:05]} b6
{[%clk 0:03:04]} 3. g3 {[%clk 0:03:06]} Bb7 {[%clk 0:03:05]} 4. Bg2
{[%clk 0:03:07]} g6 {[%clk 0:03:05]} 5. O-O {[%clk 0:03:07]} Bg7 {[%clk 0:03:06]}
6. Nc3 {[%clk 0:03:04]} O-O {[%clk 0:03:06]} 7. Re1 {[%clk 0:03:02]} c5
{[%clk 0:03:01]} 8. e4 {[%clk 0:02:42]} Nc6 {[%clk 0:03:00]} 9. d4
{[%clk 0:02:22]} Nxd4 {[%clk 0:02:57]} 10. Nxd4 {[%clk 0:02:22]} cxd4
{[%clk 0:02:58]} 11. Qxd4 {[%clk 0:02:22]} Nxe4 {[%clk 0:02:58]} 12. Qe3
{[%clk 0:02:06]} Bxc3 {[%clk 0:02:52]} 13. bxc3 {[%clk 0:01:58]} f5
{[%clk 0:02:50]} 14. Qd4 {[%clk 0:01:39]} Nc5 {[%clk 0:02:24]} 15. Bxb7
{[%clk 0:01:29]} Nxb7 {[%clk 0:02:24]} 16. Qd5+ {[%clk 0:01:31]} e6
{[%clk 0:02:20]} 17. Qxb7 {[%clk 0:01:31]} Rc8 {[%clk 0:02:18]} 18. Bh6
{[%clk 0:01:25]} Rf7 {[%clk 0:02:14]} 19. Qa6 {[%clk 0:01:10]} Rc5
{[%clk 0:01:52]} 20. Rad1 {[%clk 0:01:02]} Qf6 {[%clk 0:01:49]} 21. Be3
{[%clk 0:00:55]} Rc7 {[%clk 0:01:41]} 22. Bd4 {[%clk 0:00:52]} Qd8
{[%clk 0:01:32]} 23. Be5 {[%clk 0:00:45]} Rc5 {[%clk 0:01:30]} 24. Bd6
{[%clk 0:00:42]} Ra5 {[%clk 0:01:26]} 25. Qb7 {[%clk 0:00:40]} Rxa2
{[%clk 0:01:25]} 26. Ra1 {[%clk 0:00:26]} Rxa1 {[%clk 0:01:20]} 27. Rxa1
{[%clk 0:00:27]} Qf6 {[%clk 0:01:13]} 28. Rxa7 {[%clk 0:00:22]} Qxc3
{[%clk 0:01:12]} 29. Qb8+ {[%clk 0:00:17]} Kg7 {[%clk 0:01:12]} 30. Be5+
{[%clk 0:00:18]} 1-0

[Event "Team Championship (women blitz)"]
[Site "Sochi"]
[Date "2017.10.05"]
[Round "9.4"]
[White "Travkina, Anastasia"]
[Black "Belova, Olga"]
[Result "1-0"]
[LiveChessVersion "1.4.8"]
[BlackElo "2089"]
[WhiteElo "2099"]

1. e4 {[%clk 0:03:03]} e5 {[%clk 0:03:03]} 2. Nf3 {[%clk 0:03:04]} Nc6
{[%clk 0:03:04]} 3. Bc4 {[%clk 0:03:05]} Nf6 {[%clk 0:03:05]} 4. d3
{[%clk 0:03:06]} d6 {[%clk 0:03:05]} 5. O-O {[%clk 0:03:05]} h6 {[%clk 0:03:06]}
6. c3 {[%clk 0:03:01]} g6 {[%clk 0:03:05]} 7. d4 {[%clk 0:02:55]} Bg7
{[%clk 0:02:41]} 8. dxe5 {[%clk 0:02:44]} dxe5 {[%clk 0:02:39]} 9. Qxd8+
{[%clk 0:02:43]} Nxd8 {[%clk 0:02:39]} 10. Re1 {[%clk 0:02:36]} Nd7
{[%clk 0:01:54]} 11. Nbd2 {[%clk 0:02:26]} Nb6 {[%clk 0:01:55]} 12. Bb3
{[%clk 0:02:22]} Be6 {[%clk 0:01:51]} 13. Bc2 {[%clk 0:02:22]} Nc6
{[%clk 0:01:49]} 14. a4 {[%clk 0:02:18]} a5 {[%clk 0:01:47]} 15. Nb3
{[%clk 0:02:18]} O-O-O {[%clk 0:01:28]} 16. Nc5 {[%clk 0:02:05]} Bg4
{[%clk 0:01:29]} 17. Nd2 {[%clk 0:01:49]} Kb8 {[%clk 0:01:30]} 18. Bb3
{[%clk 0:01:44]} Rhf8 {[%clk 0:01:24]} 19. Nc4 {[%clk 0:01:34]} Nxc4
{[%clk 0:01:22]} 20. Bxc4 {[%clk 0:01:34]} Rd6 {[%clk 0:00:55]} 21. Be3
{[%clk 0:01:25]} h5 {[%clk 0:00:54]} 22. f3 {[%clk 0:01:25]} Bc8 {[%clk 0:00:54]}
23. Reb1 {[%clk 0:01:23]} b6 {[%clk 0:00:55]} 24. Nb3 {[%clk 0:01:11]} f5
{[%clk 0:00:50]} 25. Nd2 {[%clk 0:01:04]} f4 {[%clk 0:00:51]} 26. Bf2
{[%clk 0:00:59]} Rxd2 {[%clk 0:00:52]} 27. b4 {[%clk 0:00:59]} Rfd8
{[%clk 0:00:49]} 28. Bd5 {[%clk 0:00:57]} Ne7 {[%clk 0:00:29]} 29. bxa5
{[%clk 0:00:56]} Nxd5 {[%clk 0:00:31]} 30. exd5 {[%clk 0:00:56]} R8xd5
{[%clk 0:00:29]} 31. axb6 {[%clk 0:00:57]} cxb6 {[%clk 0:00:26]} 32. Bxb6
{[%clk 0:00:46]} Bb7 {[%clk 0:00:23]} 33. a5 {[%clk 0:00:47]} Kc8
{[%clk 0:00:14]} 34. a6 {[%clk 0:00:47]} Ba8 {[%clk 0:00:13]} 35. Bf2
{[%clk 0:00:43]} Bf8 {[%clk 0:00:12]} 36. a7 {[%clk 0:00:41]} Bd6
{[%clk 0:00:12]} 37. h4 {[%clk 0:00:40]} Bc7 {[%clk 0:00:13]} 38. Ra6
{[%clk 0:00:20]} Rd1+ {[%clk 0:00:13]} 39. Rxd1 {[%clk 0:00:21]} Rxd1+ 40. Kh2
Rd6 {[%clk 0:00:13]} 41. Ra2 {[%clk 0:00:20]} Kb7 {[%clk 0:00:13]} 42. Bc5
{[%clk 0:00:19]} Rc6 {[%clk 0:00:14]} 43. Bb4 {[%clk 0:00:16]} Bb6
{[%clk 0:00:15]} 44. Rd2 {[%clk 0:00:17]} Bxa7 {[%clk 0:00:15]} 45. Rd7+
{[%clk 0:00:18]} Rc7 {[%clk 0:00:16]} 46. Rd8 {[%clk 0:00:19]} Bc5
{[%clk 0:00:11]} 47. Ba5 {[%clk 0:00:19]} Rf7 {[%clk 0:00:10]} 48. Re8
{[%clk 0:00:18]} Bd6 {[%clk 0:00:11]} 49. Re6 {[%clk 0:00:18]} Be7
{[%clk 0:00:10]} 50. Rxg6 {[%clk 0:00:19]} Bxh4 {[%clk 0:00:11]} 51. Rb6+
{[%clk 0:00:18]} Kc7 {[%clk 0:00:12]} 52. Rf6+ {[%clk 0:00:19]} Bxf6
{[%clk 0:00:12]} 1-0

[Event "Team Championship (women blitz)"]
[Site "Sochi"]
[Date "2017.10.05"]
[Round "9.5"]
[White "Vasilevich, Tatjana"]
[Black "Pogonina, Natalija"]
[Result "0-1"]
[LiveChessVersion "1.4.8"]
[BlackElo "2401"]
[WhiteElo "2229"]

1. d4 {[%clk 0:03:03]} Nf6 {[%clk 0:03:03]} 2. c4 {[%clk 0:03:04]} e6
{[%clk 0:03:03]} 3. Nc3 {[%clk 0:03:05]} d5 {[%clk 0:03:03]} 4. Bg5
{[%clk 0:03:03]} Be7 {[%clk 0:03:03]} 5. e3 {[%clk 0:03:03]} O-O {[%clk 0:03:01]}
6. Nf3 {[%clk 0:03:04]} Ne4 {[%clk 0:02:53]} 7. Bf4 {[%clk 0:02:59]} Nxc3
{[%clk 0:02:47]} 8. bxc3 {[%clk 0:03:00]} Nd7 {[%clk 0:02:39]} 9. Bd3
{[%clk 0:02:49]} Nf6 {[%clk 0:02:36]} 10. O-O {[%clk 0:02:45]} dxc4
{[%clk 0:02:32]} 11. Bxc4 {[%clk 0:02:46]} b6 {[%clk 0:02:33]} 12. Qc2
{[%clk 0:02:36]} Bb7 {[%clk 0:02:33]} 13. Ne5 {[%clk 0:02:35]} Nh5
{[%clk 0:02:19]} 14. Bg3 {[%clk 0:02:13]} Nxg3 {[%clk 0:02:15]} 15. hxg3
{[%clk 0:02:14]} c5 {[%clk 0:02:09]} 16. dxc5 {[%clk 0:02:04]} Qc7
{[%clk 0:01:57]} 17. c6 {[%clk 0:01:34]} Bxc6 {[%clk 0:01:49]} 18. Nxc6
{[%clk 0:01:34]} Qxc6 {[%clk 0:01:50]} 19. Bd3 {[%clk 0:01:35]} f5
{[%clk 0:01:43]} 20. e4 {[%clk 0:01:36]} g6 {[%clk 0:01:25]} 21. exf5
{[%clk 0:01:29]} gxf5 {[%clk 0:01:24]} 22. Rfe1 {[%clk 0:01:19]} Rac8
{[%clk 0:00:53]} 23. Qb3 {[%clk 0:01:15]} Rf6 {[%clk 0:00:50]} 24. Rxe6
{[%clk 0:00:43]} Qxe6 {[%clk 0:00:34]} 25. Qxe6+ {[%clk 0:00:30]} Rxe6
{[%clk 0:00:35]} 26. Bxf5 {[%clk 0:00:31]} Rcc6 {[%clk 0:00:33]} 27. Bxe6+
{[%clk 0:00:29]} Rxe6 {[%clk 0:00:34]} 28. Rd1 {[%clk 0:00:29]} Rd6
{[%clk 0:00:32]} 29. Re1 {[%clk 0:00:29]} Kf7 {[%clk 0:00:32]} 30. Re4
{[%clk 0:00:30]} Rc6 {[%clk 0:00:30]} 31. Ra4 {[%clk 0:00:26]} a5
{[%clk 0:00:30]} 32. Rf4+ {[%clk 0:00:27]} Bf6 {[%clk 0:00:29]} 33. g4
{[%clk 0:00:24]} Kg6 {[%clk 0:00:21]} 34. c4 {[%clk 0:00:24]} Rd6
{[%clk 0:00:19]} 35. Rf5 {[%clk 0:00:18]} Rd2 {[%clk 0:00:17]} 36. Kf1
{[%clk 0:00:11]} Rxa2 {[%clk 0:00:16]} 37. Rd5 {[%clk 0:00:09]} Rc2
{[%clk 0:00:16]} 38. Rd6 {[%clk 0:00:08]} a4 {[%clk 0:00:14]} 39. f4
{[%clk 0:00:06]} a3 {[%clk 0:00:08]} 40. g5 {[%clk 0:00:04]} a2 {[%clk 0:00:09]}
41. Rxf6+ {[%clk 0:00:03]} Kg7 {[%clk 0:00:10]} 0-1